000 01595nmc a2200457 a 4500
003 AR-BaBNM
005 20251128204823.0
008 056019s1994 ||||||||||||||000 | spa||
040 _cAR-BaBNM
245 1 0 _aDemocracia y productividad
_bdesafíos de una nueva educación media en América Latina
260 _aSantiago
_bOficina Regional de Educación de la Unesco para América Latina y El Caribe
_bCIID-CENEP Red latinoamericana de educación y trabajo
_c1994
300 0 _a123 p.
490 0 _aLecturas de educación y trabajo
_vv. 2
500 0 _aPublicaciones de los autores en p. 113-121
500 0 _aDatos sobre los autores en p. 122-123
500 0 _aEdición con la contribución del Proyecto internacional de la UNESCO sobre la enseñanza técnica y profesional {UNEVOC}
504 _aBibliografía en p. 106-112
650 4 _aDEMOCRACIA
650 4 _aEDUCACION
650 4 _aESCUELAS
650 4 _aSOCIOLOGIA DE LA EDUCACION
650 4 _aPOLITICA NACIONAL
650 4 _aPLANIFICACION DE LA EDUCACION
650 4 _aREFORMA DE LA EDUCACION
650 4 _aTRABAJO
650 4 _aPRODUCCION
650 4 _aECONOMIA
650 4 _aNIVELES DE EDUCACION
651 4 _aAmérica Latina
653 0 _aSISTEMA EDUCATIVO
700 1 _aIbarrola, María de
_ecoordinador
700 1 _aGallart, María Antonia
_ecoordinador
700 1 _aAguerrondo, Inés
700 1 _aBracho, Teresa
700 1 _aBraslavsky, Cecilia
700 1 _aCariola, Leonor
700 1 _aMuñoz Izquierdo, Carlos
700 1 _aZibas, Dagmar M.L.
942 _cBK
998 _cGLORIA
999 _c8955
_d8955